| 000 | 00444nam a22001457a 4500 | ||
|---|---|---|---|
| 999 |
_c4649 _d4649 |
||
| 008 | 161122b xxu||||| |||| 00| 0 eng d | ||
| 020 | _a978 9987 09 154 6 | ||
| 082 | _a328.967'8 MSE | ||
| 100 | _aMsekwa, Pius.- | ||
| 245 |
_aThe Story of the Tanzania Parliament/ _cPius Msekwa.- _hEnglish. |
||
| 260 |
_aDar Es Salaam; _bNyambari Nyangwire, _c2013. |
||
| 300 |
_a127p.; _bill.; _c25cm.- |
||
| 650 | _2The legislative process | ||
| 942 |
_2ddc _cBOOKS |
||